| 000 | 00687nam a2200205Ia 4500 | ||
|---|---|---|---|
| 003 | GCL | ||
| 005 | 20240530104901.0 | ||
| 008 | 140319s9999 xx 000 0 ara d | ||
| 040 |
_aGCL / _cGCL |
||
| 082 | 0 | 4 |
_a346.02 _bم و |
| 100 | 1 | _aمعوض عبدالتواب | |
| 245 | 1 | 0 |
_aالوسيط فى دعوى صحة التعاقد : ودعوى صحة التوقيع من البيع / _cمعوض عبدالتواب |
| 260 |
_a[S.N] : _bلجنة الاعلام والدراسات المستقبلية ، _c1991 |
||
| 300 | _a456 ص | ||
| 650 | 0 | 4 | _aالقانون |
| 650 | 0 | 4 | _aالقانون المدنى |
| 650 | 0 | 4 | _aالعقود |
| 650 | 0 | 4 | _aالتعهدات |
| 942 |
_2ddc _cBK |
||
| 999 |
_c51478 _d51478 |
||